000 00839cam a2200241 i 4500
005 20160123160245.0
008 030128s2001 ck abo r 000 0 spa d
015 _aSSS
020 _a9586555240
040 _aCO-BoPUJ
_cCO-BoIAVH
_dCO-BoIAVH
041 0 _aspa
043 _as-ck---
044 _ack
082 0 4 _a599.4
_bM97m
100 1 _aMuñoz Arango, Javier
245 1 4 _aLos murcielagos de Colombia :
_bsistemática, distribución, descripción, historia natural y ecología /
_cJavier Muñoz Arango
260 _aMedellín :
_bUniversidad de Antioquia,
_c2001.
300 _axvii, 391 páginas :
_bilustraciones, fotos y mapas ;
_c23 cm.
490 0 0 _aCiencia y tecnología
504 _aIncluye referencias bibliográficas e índice.
650 1 4 _aMurciélagos
_vClasificación
_zColombia
942 _2ddc
_cLIBRO
999 _c2601
_d2601